Pedagógiai Szeminárium
Elmentve itt :
| Dokumentumtípus: | Cikk |
|---|---|
| Megjelent: |
1939
|
| Sorozat: | A cselekvés iskolája
7 |
| Kulcsszavak: | Pedagógia - magyar - folyóirat - könyvismertetés |
| Tárgyszavak: | |
| Online Access: | http://acta.bibl.u-szeged.hu/33895 |
| LEADER | 00609nab a2200181 i 4500 | ||
|---|---|---|---|
| 001 | acta33895 | ||
| 005 | 20231009142759.0 | ||
| 008 | 161017s1939 hu o 0|| hun d | ||
| 040 | |a SZTE Egyetemi Kiadványok Repozitórium |b hun | ||
| 041 | |a hun | ||
| 245 | 0 | 0 | |a Pedagógiai Szeminárium |h [elektronikus dokumentum] |
| 260 | |c 1939 | ||
| 300 | |a 200-202 | ||
| 490 | 0 | |a A cselekvés iskolája |v 7 | |
| 650 | 4 | |a Társadalomtudományok | |
| 650 | 4 | |a Oktatástudomány | |
| 695 | |a Pedagógia - magyar - folyóirat - könyvismertetés | ||
| 856 | 4 | 0 | |u http://acta.bibl.u-szeged.hu/33895/1/cselekves_007_200-202.pdf |z Dokumentum-elérés |